00924 a2200253 4500003000500000005001700005010001700022020002300039020002600062035002400088040000900112082001200121100001700133245013900150260004800289300003600337650003400373650003600407651006500443700002600508942001200534999001900546952010500565Nust20170207154054.0 a 2009017154 a0470394390 (cloth) a9780470394397 (cloth) a(OCoLC)ocn301885110 cNust00a330.9731 aToomey, Pat.14aThe road to prosperity (E-BOOK)bhow to grow our economy and revive the American dream /cPatrick J. Toomey, with Nachama Soloveichik. aHoboken, N.J. :bJohn Wiley & Sons,cc2009. axviii, 254 p. :bill. ;c23 cm. 0aFiscal policyzUnited States. 0aMonetary policyzUnited States. 0aThe road to prosperity (E-BOOK)xEconomic policyy2001-2009.1 aSoloveichik, Nachama. 2ddccBK c193248d193248 00102ddc40708NFICaMCSbMCSd2016-12-12l0o330.973 TOOpMCSEB-2507r2016-12-08w2016-12-12yBK